Miestne dane ako zdroj príjmu vybranej obce bakalárska práca

Saved in:
Bibliographic Details
Main Author: Poľáková, Veronika
Corporate Author: Národohospodárska fakulta EU. Katedra financií
Other Authors: Ihnatišinová, Denisa, 1983-
Format: Book
Language:Slovak
Published: Bratislava 2019
Tags: Add Tag
No Tags, Be the first to tag this record!

MARC

LEADER 00000nbm a2200000 4500
001 0256559
005 20191030130829.0
041 0 |a slo 
044 |a SK 
245 1 0 |a Miestne dane ako zdroj príjmu vybranej obce  |b bakalárska práca  |c Veronika Poľáková ; školiteľ: Denisa Ihnatišinová 
264 1 |a Bratislava  |c 2019 
300 |a 56 s. 
100 1 |a Poľáková, Veronika 
700 1 |a Ihnatišinová, Denisa, 1983- 
710 2 |a Národohospodárska fakulta EU. Katedra financií